LEADER 01202nam a2200277 4500 001 000000366904 003 CaOOAMICUS 005 20260318105733.0 008 260318s2026 it 000 u ita r 020 $a978-88-329-9098-0 040 $aSeMil$bita 100 1 $aOwen, John,$d<1616-1683>.$0(OLS)http://semarc/name/92768 240 10$aGospel evidences of saving faith.$0(OLS)http://semarc/title/458706 245 13$aLa fede che salva :$bcome riconoscerla /$cJohn Owen. 264 1$aCaltanissetta :$bAlfa & Omega,$c2026. 300 $a101 p. ;$c21 cm 490 1 $aSentieri antichi 650 4$aFede - Aspetti religiosi - Cristianesimo.$0(OLS)http://semarc/subject/58398 830 0$aSentieri antichi.$0(OLS)http://semarc/title/458711 850 $aSeMil 852 $aSeMil$W1$xVenegono$y1$m2C VII 116$j268629$B257655$CSeMilBibl$Z2$F257655 $81 961 $aIn omaggio per recensione su La scuola cattolica 996 $6020$a978-88-329-9098-0$9(OLS)http://semarc/number/305529 996 $6245$aLa fede che salva :$bcome riconoscerla$9(OLS)http://semarc/title/458709 996 $6264$aCaltanissetta :$bAlfa & Omega$9(OLS)http://semarc/publisher/32119